<?xml version="1.0" encoding="UTF-8"?><?xml-stylesheet type="text/xsl" href="static/style.xsl"?><OAI-PMH xmlns="http://www.openarchives.org/OAI/2.0/" xmlns:xsi="http://www.w3.org/2001/XMLSchema-instance" xsi:schemaLocation="http://www.openarchives.org/OAI/2.0/ http://www.openarchives.org/OAI/2.0/OAI-PMH.xsd"><responseDate>2026-04-17T11:44:23Z</responseDate><request verb="GetRecord" identifier="oai:riubu.ubu.es:10259/11398" metadataPrefix="marc">https://riubu.ubu.es/oai/request</request><GetRecord><record><header><identifier>oai:riubu.ubu.es:10259/11398</identifier><datestamp>2026-02-25T01:05:43Z</datestamp><setSpec>com_10259_7065</setSpec><setSpec>com_10259_5086</setSpec><setSpec>com_10259_2604</setSpec><setSpec>col_10259_8460</setSpec></header><metadata><record xmlns="http://www.loc.gov/MARC21/slim" xmlns:doc="http://www.lyncode.com/xoai" xmlns:xsi="http://www.w3.org/2001/XMLSchema-instance" xmlns:dcterms="http://purl.org/dc/terms/" xsi:schemaLocation="http://www.loc.gov/MARC21/slim http://www.loc.gov/standards/marcxml/schema/MARC21slim.xsd">
<leader>00925njm 22002777a 4500</leader>
<datafield tag="042" ind1=" " ind2=" ">
<subfield code="a">dc</subfield>
</datafield>
<datafield tag="720" ind1=" " ind2=" ">
<subfield code="a">Urbina Fonturbel, Raúl</subfield>
<subfield code="e">author</subfield>
</datafield>
<datafield tag="260" ind1=" " ind2=" ">
<subfield code="c">2018</subfield>
</datafield>
<datafield tag="520" ind1=" " ind2=" ">
<subfield code="a">En este capítulo se analiza la publicidad como un macroacto de habla argumentativo basado en su carácter persuasivo enfocado al receptor. Esta construcción persuasiva se realiza mediante la imagen de marca, que, en la publicidad&#xd;
actual, está vinculada de forma muy estrecha a los elementos emocionales que&#xd;
relacionan la marca y al producto con un conjunto de valores positivos. La fuerza&#xd;
argumentativa es un concepto de la teoría de la argumentación por el que un argumento es más fuerte y la persuasión es más eficaz en la medida en la que los&#xd;
receptores establecen una relación positiva con los valores propugnados por la&#xd;
marca. Para ello, los creativos publicitarios crean una sintonía entre los valores&#xd;
de marca con las creencias y valores de los receptores mediante la tópica publicitaria.&#xd;
Se estudian en este trabajo los elementos persuasivos de cuatro spots publicitarios del ámbito de la alimentación y las bebidas. La metodología empleada&#xd;
es la delimitación de la fuerza argumentativa de estos anuncios mediante el establecimiento de los tópicos empleados para fortalecer el valor de la marca y conseguir la vinculación cognitiva y emocional con el público objetivo.</subfield>
</datafield>
<datafield tag="024" ind2=" " ind1="8">
<subfield code="a">9788417341954</subfield>
</datafield>
<datafield tag="024" ind2=" " ind1="8">
<subfield code="a">https://hdl.handle.net/10259/11398</subfield>
</datafield>
<datafield tag="245" ind1="0" ind2="0">
<subfield code="a">Persuasión y fuerza argumentativa. El valor de marca en el discurso publicitario</subfield>
</datafield>
</record></metadata></record></GetRecord></OAI-PMH>